| 000 | 01373nam a22003857a 4500 | ||
|---|---|---|---|
| 003 | CHAP | ||
| 005 | 20250131101134.0 | ||
| 008 | 120618s2011 mx a r 00010 spa d | ||
| 010 | _a103382 | ||
| 011 | _a104354 | ||
| 020 | _a9786071202109 | ||
| 035 | _a115044 | ||
| 040 | _cCHAP | ||
| 090 | _aFolleto 18288 | ||
| 100 | 0 | 0 |
_aKrishnamurthy, Laksmi Reddiar _963939 |
| 245 | 1 | 0 |
_aEstablecimiento de un sistema agroforestal : _bhiguerilla - maíz, en la región de Valles Centrales, Oaxaca _c/por Laksmi Reddiar Krishnamurthy, Arturo Peralta Solares y Indumathi Rajagopal |
| 260 |
_aChapingo, Méx. : _bUACH, _c2011 |
||
| 300 |
_a12 p. : _bilus. |
||
| 490 | 0 |
_aFolleto técnico _v; 5 |
|
| 590 |
_aBATCH-UPD _b10 _c20130110 _lUCH01 _h0907 |
||
| 590 |
_aBATCH-UPD _b10 _c20130410 _lUCH01 _h0534 |
||
| 590 |
_aBATCH-UPD _b10 _c20130913 _lUCH01 _h2214 |
||
| 590 |
_aCONVERSION _b10 _c20130109 _lUCH01 _h1357 |
||
| 650 | 1 | 4 |
_aAgroforestería _xOaxaca. _92165 |
| 650 | 1 | 4 |
_aCalabaza _xRendimiento. _917294 |
| 650 | 1 | 4 |
_aCambios climáticos. _917792 |
| 650 | 1 | 4 |
_aHiguerilla. _955365 |
| 650 | 1 | 4 |
_aMaíz _xCultivo. _970925 |
| 700 | 0 |
_aRajagopal Reddiar, Indumathi. _993771 |
|
| 700 | 1 |
_aPeralta Solares _987050 |
|
| 830 | 0 |
_aFolleto técnico _v; 5 _942067 |
|
| 901 | _aBK | ||
| 942 | _cFOLL | ||
| 949 |
_aFolleto 18288 _bBC _cUACH _d33724002343686 _eUACH _gDonaciØn _i115044 _sb |
||
| 999 |
_c103382 _d103382 |
||